LEADER 01590nam 2200529 450 001 9910788360703321 005 20230617021412.0 010 $a87-7867-948-6 035 $a(CKB)3170000000047482 035 $a(EBL)4186934 035 $a(SSID)ssj0001325729 035 $a(PQKBManifestationID)11740914 035 $a(PQKBTitleCode)TC0001325729 035 $a(PQKBWorkID)11517204 035 $a(PQKB)10683534 035 $a(MiAaPQ)EBC4186934 035 $a(Au-PeEL)EBL4186934 035 $a(CaPaEBR)ebr11128190 035 $a(OCoLC)935248962 035 $a(EXLCZ)993170000000047482 100 $a20160104h20042004 uy 0 101 0 $adan 135 $aur|n|---||||| 181 $ctxt 182 $cc 183 $acr 200 10$aBørnelitteratur $emellem kunst og pædagogik /$fTorben Weinreich 205 $a12. udgave. 210 1$aFrederiksberg, Denmark :$cRoskilde Universitetsforlag,$d2004. 210 4$d©2004 215 $a1 online resource (176 p.) 300 $aDescription based upon print version of record. 311 $a87-7867-268-6 320 $aIncludes bibliographical references. 606 $aChildren's literature$xHistory and criticism 606 $aChildren's literature$vIllustrations 615 0$aChildren's literature$xHistory and criticism. 615 0$aChildren's literature 676 $a809.89282 700 $aWeinreich$b Torben$01580766 801 0$bMiAaPQ 801 1$bMiAaPQ 801 2$bMiAaPQ 906 $aBOOK 912 $a9910788360703321 996 $aBørnelitteratur$93861935 997 $aUNINA LEADER 01171nas 2200397 c 450 001 9910893646603321 005 20260218112541.0 035 $a(CKB)5280000000200052 035 $a(DE-599)ZDB2778540-3 035 $a(DE-101)1053953925 035 $a(DE-599)2778540-3 035 $a(EXLCZ)995280000000200052 100 $a20140721a20069999 |y | 101 0 $acze 135 $aur||||||||||| 181 $ctxt$2rdacontent 182 $cc$2rdamedia 183 $acr$2rdacarrier 200 00$aVy?daje na ochranu z?ivotni?ho prostr?edi? ..$e= Environmental protection expenditure ..$fC?esky? Statisticky? U?r?ad 210 31$aPraha$d2006- 215 $aOnline-Ressource 300 $aGesehen am 01.06.15 517 1 $aEnvironmental protection expenditure ... 608 $aZeitschrift$2gnd-content 608 $aStatistik$2gnd-content 676 $a310 676 $a333.7 676 $a690 712 02$aC?esky statisticky? u?r?ad$4isb 801 0$b0206 801 1$bDE-101 801 2$b9999 906 $aJOURNAL 912 $a9910893646603321 996 $aVy?daje na ochranu z?ivotni?ho prostr?edi? .$94270580 997 $aUNINA